Statistics for Most Guessed Countries of the World, Nordic Language edition

Click here to take the quiz!

General Stats

  • This quiz has been taken 176 times
    (40 since last reset)
  • The average score is 28 of 42

Answer Stats

Languages and RankCountry% Correct
Norwegian #16, Swedish #16United Kingdom
89%
Danish #1, Finnish #16, Norwegian #3, Swedish #4United States
89%
Danish #11, Finnish #9, Norwegian #12, Swedish #8Germany
86%
Danish #20, Icelandic #17, Swedish #20Brazil
84%
Danish #14, Finnish #7, Icelandic #12, Norwegian #10, Swedish #12China
84%
Danish #3, Finnish #15, Norwegian #4, Swedish #5Denmark
84%
Danish #8, Finnish #4, Norwegian #2, Swedish #6
Russia
84%
Danish #7, Finnish #1, Norwegian #5, Swedish #3Finland
84%
Danish #5, Finnish #2, Icelandic #4, Norwegian #1 Swedish #2Norway
84%
Danish #10, Finnish #5, Norwegian #11, Swedish #7Spain
84%
Danish #6, Finnish #3, Norwegian #6, Swedish #1Sweden
84%
Danish #2, Finnish #12, Icelandic #2, Norwegian #7, Swedish #10Canada
81%
Danish #13, Finnish #11, Icelandic #1, Norwegian #13, Swedish #11Iceland
81%
Danish #16, Icelandic #3, Norwegian #14Japan
81%
Danish #19, Finnish #20, Swedish #13Poland
81%
Danish #17, Finnish #17, Swedish #18Australia
78%
Danish #9, Finnish #6, Icelandic #5, Norwegian #9, Swedish #9Italy
78%
Danish #4, Icelandic #4, Swedish #19
Mexico
76%
Danish #12, Finnish #8, Norwegian #8France
76%
Norwegian #15India
76%
Danish #15, Finnish #19, Icelandic #6Portugal
73%
Norwegian #20Netherlands
70%
Swedish #17Ukraine
70%
Icelandic #10, Norwegian #18Argentina
68%
Norwegian #17Greece
68%
Finnish #18, Swedish #15Ireland
68%
Danish #18Ireland
68%
Norwegian #19Egypt
65%
Finnish #10, Swedish #14Estonia
65%
Finnish #13, Swedish #17Latvia
62%
Finnish #14Lithuania
62%
Icelandic #18Indonesia
59%
Icelandic #11Iraq
57%
Icelandic #7Iran
54%
Icelandic #8Mongolia
49%
Icelandic #15Chile
46%
Icelandic #9Peru
46%
Icelandic #20Pakistan
41%
Icelandic #19Cuba
38%
Icelandic #16Bolivia
24%
Icelandic #13Oman
16%
Icelandic #14Madagascar
11%

Score Distribution

Percentile by Number Answered

Percent of People with Each Score

Your Score History

You have not taken this quiz since the last reset